000 01336nam a22002777i 4500
003 DO-SdBNP
005 20240521150930.0
007 ta
008 240521b2009 dr abo|| |||| 00| 0 spa d
020 _a9789945870121
040 _aDO-SdBNP
_bspa
_cBNPHU
_erda
082 0 4 _222
_a324.6098
_bE56i
111 1 _aEncuentro Internacional de Administradores de Procesos Electorales.
_cSanto Domingo, República Dominicana
_d(1o. : 2008 :
_985526
245 1 0 _aEncuentro Internacional de Administradores de Procesos Electorales /
_ccoordinación Dirección Nacional de Elecciones ; editor; Nurys Paulino ; presentación Roberto Rosario Márquez.
264 _aSanto Domingo, República Dominicana :
_bJunta Central Electoral,
_c©2009.
300 _a163 páginas :
_bilustraciones, mapas, fotografías ;
_c22 cm.
336 _2rdacontent
_atexto
_btxt
337 _2rdamedia
_asin mediación
_bn
338 _2rdacarrier
_avolumen
_bnc
650 4 _aElecciones
_xCongresos, conferencias, etc
_zAmérica Latina
_985527
650 4 _aPartidos políticos
_vCongresos, conferencias, etc.
_zAmérica Latina
_985528
650 4 _aComunicación en política
_vCongresos, conferencias, etc.
_zRepública Dominicana
_985529
700 1 _aPaulino, Nurys,
_eeditor
_922136
700 1 _aRosario Márquez, Roberto,
_epresentación
_922122
942 _2ddc
_cLBS1
999 _c56714
_d56714